| 000 | 00586nam a2200193 a 4500 | ||
|---|---|---|---|
| 001 | 000012598 | ||
| 005 | 20240530073914.0 | ||
| 008 | 091113s1994 dr 000 f spa d | ||
| 040 |
_aDO-SdBNP _bspa _cBNPHU |
||
| 082 |
_aRD863.44 _bP438e |
||
| 100 | 1 |
_aPérez, Fernando, _d1951- _929296 |
|
| 245 | 1 | 3 |
_aLa estatua de arena / _cFernando Pérez. |
| 260 |
_aSanto Domingo : _bTaller, _c1994. |
||
| 300 |
_a95 p. ; _c20 cm. |
||
| 590 | _aInventariado, 2020/MAA | ||
| 650 | 0 |
_aNovela dominicana _9223 |
|
| 650 | 0 |
_aLiteratura dominicana. _967 |
|
| 910 | _aValidado. Control de calidad MMOLINA | ||
| 999 |
_c12253 _d12253 |
||